| 000 | 00722nas a2200277 4500 | ||
|---|---|---|---|
| 001 | BR9504766 | ||
| 003 | BR-BrBNA | ||
| 005 | 20231205094135.0 | ||
| 007 | ta | ||
| 008 | 230509b bl.|||p| |||| 00| 00por d | ||
| 040 |
_aBR-BrBNA _bpor _cBiblioteca Nacional de Agricultura |
||
| 041 | _a(Pt) | ||
| 072 | _aL73 | ||
| 100 | 1 | _aZezza Neto, L. | |
| 100 | 1 | _aZimmerman, J.R. | |
| 100 | 1 | _aBarros, A.R. | |
| 100 | 1 | _aPeres, J.A. | |
| 245 | 1 | _aMieloma multiplo em baco e pancreas de caes | |
| 650 | _aCao | ||
| 650 | _aTumor | ||
| 650 | _aBaco | ||
| 650 | _aPancreas | ||
| 773 | 0 |
_tUNIMAR Ciencias (Brazil) _x _g(1994), v. 3 p. 97-99 _wBR9504766 |
|
| 909 |
_a202311 _bLúcia _c55 _dLúcia Elande |
||
| 942 |
_2AGRIS _n0 _cANA |
||
| 999 |
_c142307 _d142307 |
||